Miles Kane songs - Statistics

General Stats
  • This quiz has been taken 30 times
    3 since last reset
  • The average score is 48 of 89
Answer Stats
Album Song title % Correct
Change the show Adios ta-ra ta-ra
100%
One man band Baggio
100%
Don't forget who you are Better than that
100%
Blame it on the summertime Blame it on the summertime
100%
Change the show Change the show
100%
Colour of the trap Colour of the trap
100%
Colour of the trap Come closer
100%
Change the show Coming of age
100%
Coup de grace Coup de grace
100%
Coup de grace Cry on my guitar
100%
Don't forget who you are Don't forget who you are
100%
Sunlight in the shadows Electric flower
100%
Don't forget who you are Give up
100%
Coup de grace Killing the joke
100%
Sunlight in the shadows Love is cruel
100%
Change the show Never get tired of dancing
100%
One man band One man band
100%
Colour of the trap Rearrange
100%
Coup de grace Shavambacu
100%
Sunlight in the shadows (Unreleased) Sunlight in the shadows
100%
Change the show Tears are falling
100%
One man band The wonder
100%
Give up EP Woman's touch
100%
Colour of the trap Better left invisible
50%
Don't forget who you are Bombshells
50%
Can you see me now Can you see me now
50%
Change the show Caroline
50%
Don't forget who you are Caught in the act
50%
Coup de grace Cold light of the day
50%
Sunlight in the shadows (Unreleased) Coming down the road
50%
Change the show Constantly
50%
Don't forget who you are Darkness in our hearts
50%
Miles Kane and the Evils Dark room
50%
Change the show Don't let it get you down
50%
One man band Doubles
50%
Miles Kane and the Evils Fingerless gloves
50%
Don't forget who you are Fire in my heart
50%
Don't forget who you are First of my kind
50%
Colour of the trap Happenstance
50%
One man band Heal
50%
One man band Heartbreaks
50%
Sunlight in the shadows (Unreleased) I pray
50%
Colour of the trap Kingcrawler
50%
Coup de grace Loaded
50%
Miles Kane and the Evils Mr Midnight
50%
Time of your life EP My Death
50%
One man band Never taking me alive
50%
Change the show Nothing's ever going to be good enough
50%
Don't forget who you are Out of control
50%
Colour of the trap Quicksand
50%
One man band Ransom
50%
One man band Scared of love
50%
Change the show See ya when I see ya
50%
Time of your life EP See you on the water
50%
Coup de grace Silverscreen
50%
Coup de grace Something to rely on
50%
Don't forget who you are Start of something big
50%
Miles Kane and the Evils Surfing leopard
50%
Colour of the trap Take the night from me
50%
Don't forget who you are Taking over
50%
Colour of the trap Telepathy
50%
Change the show Tell me what you're feeling
50%
One man band The best is yet to come
50%
Time of your life EP Time of your life
50%
Don't forget who you are Tonight
50%
Coup de grace Too little too late
50%
One man band Troubled son
50%
Sunlight in the shadows (Unreleased) Walk on the ocean
50%
Don't forget who you are What condition am I in
50%
Sunlight in the shadows (Unreleased) Without you
50%
Coup de grace Wrong side of life
50%
Don't forget who you are You're going to get it
50%
Sunlight in the shadows (Unreleased) Always in over my head
0%
Come Closer single Before it's midnight
0%
Sunlight in the shadows (Unreleased) Blue skies
0%
Colour of the trap Counting down the days
0%
Come closer EP Do I want you
0%
Colour of the trap Inhaler
0%
Come closer EP Kaka boom
0%
LA five four (309) LA five four
0%
First of my kind EP Looking out my window
0%
Rearrange EP Morning comes
0%
Colour of the trap My fantacy
0%
Sunlight in the shadows (Unreleased) My lvoe
0%
First of my kind EP Night runner
0%
Sunlight in the shadows (Unreleased) Sing a song to love
0%
Sunlight in the shadows (Unreleased) Slow death
0%
Give up EP The competition
0%
Come closer EP The responsible
0%
No matching quizzes found
Score Distribution
Percent of People with Each Score
Percentile by Number Answered
Your Score History
You have not taken this quiz since the last reset